Missing Word: Drink Up! Quiz Stats

Quiz Updated Jul 6, 2016

Challenge
Share
Tweet
Embed
Score 0/22 Timer 02:00
1 Play Today
Cocktail Missing word % Correct
Bloody ________Mary
97.2%
Piña ________Colada
95.2%
Long ________ Iced TeaIsland
93.8%
Sex on the ________Beach
92.5%
________ RussianWhite/Black
87%
Tequila ________Sunrise
75.8%
________ TaiMai
73.9%
________ FashionedOld
72.8%
________ JulepMint
68.7%
Jäger ________Bomb
68%
Fuzzy ________Navel
64.4%
Cocktail Missing word % Correct
________ CollinsTom
61.4%
________ WallbangerHarvey
51.8%
Lemon ________Drop
46.6%
________ NailRusty
45%
________ LadyPink
41.3%
________ Gin FizzSloe, Ramos
36.5%
Salty ________Dog
34.4%
Sea ________Breeze
33.9%
________ SlingSingapore
31.5%
________ LibreCuba
28.8%
________ AlexanderBrandy
22.7%

Today's Daily Dose

You're not logged in!

Compare scores with friends on all Sporcle quizzes.
Sign Up with Email
OR
Log In

You Might Also Like...

Show Comments

Extras

Top Quizzes Today


Score Distribution

Your Account Isn't Verified!

In order to create a playlist on Sporcle, you need to verify the email address you used during registration. Go to your Sporcle Settings to finish the process.